000
00308nam a22001337a 4500
008
171107b xxu||||| |||| 00| 0 eng d
020
_a
0866412247
041
_a
eng
080
_a
330.722.6
100
_a
62
101
_a
KON
245
_a
INSTITUTE OF MANAGEMENT ACCOUNTANTS
_c
MEYERS.G.U
942
_2
udc
_c
BK
999
_c
37992
_d
37992